Quiz zu verschiedenen Sportarten - Statistiken

Allgemein
  • Dieses Quiz wurde 95 mal gespielt
  • Das Durchschnittsergebnis liegt bei 9 aus 12
Antwortstatistiken
Frage Antwort % Korrekt
Was ist die Höchstpunktzahl, die man beim Darts mit 3 Pfeilen werfen kann? 180
93%
Wie heißt eine Spieltechnik beim Volleyball? baggern
92%
Wann wurde die deutsche Fußballnationalmannschaft das letzte mal Europameister? 1996
88%
Welchen der folgenden Begriffe assoziiert man mit Baseball? Home Run
87%
Mit wie vielen Punkten gewinnt man in der Regel einen Satz beim Tischtennis? 11
85%
Aus wie vielen Spielern besteht eine Handballmannschaft? 7
79%
Tennis: Welches ist kein Grand-Slam-Turnier? Austrian Open
77%
Welcher der Begriffe ist ein Golfschläger? Driver
77%
Aus wie vielen Spielern besteht eine Eishockeymannschaft? 6
74%
Beim Basketball wird ... gespielt. in vier Vierteln
69%
Bowling: Wie viele Strikes wirft man bei einem perfekten Spiel? 12
45%
Wie wird das Hilfsqueue beim Billard umgangssprachlich genannt? Oma
43%
Keine übereinstimmenden Quizze gefunden
Verteilung der Resultate
Anzahl Personen mit jedem Resultat
Perzentil nach korrekt beantworteten Fragen
Ihre Resultats-Entwicklung
Sie haben dieses Quiz noch nicht gespielt